Statistics for 15 Largest Cities in Missouri

Click here to take the quiz!

General Stats

  • This quiz has been taken 14 times
  • The average score is 8 of 15

Answer Stats

PopulationCity% Correct
502,597Kansas City
100%
302,787St. Louis
100%
124,342Columbia
85%
168,603Springfield
85%
122,230Independence
69%
51,539Joplin
69%
70,218St. Charles
54%
73,138St. Joseph
54%
58,265Blue Springs
38%
100,772Lee's Summit
38%
90,802O'Fallon
38%
52,382Florissant
31%
43,213Wentzville
31%
57,289St. Peters
23%
49,675Chesterfield
15%

Score Distribution

Percentile by Number Answered

Percent of People with Each Score

Your Score History

You have not taken this quiz